[Event "FBL S"]
[Site "Deutschland"]
[Date "2010.03.14"]
[Round "7.5"]
[White "Kaulfuss, Christa"]
[Black "Voss, Chantal"]
[Result "1-0"]
[WhiteElo "1922"]
[BlackElo "1868"]
[PlyCount "101"]
[EventDate "2009.11.07"]
[EventType "team"]
[EventCountry "GER"]
[WhiteTeam "SV 1920 Hofheim"]
[BlackTeam "TSV Schott Mainz"]

1. e4 e6 2. d3 d5 3. Nd2 Nf6 4. g3 c5 5. Bg2 Nc6 6. Ne2 Be7 7. O-O O-O 8. h3 e5
9. f4 dxe4 10. dxe4 Qc7 11. f5 Rd8 12. c3 b5 13. Qc2 a5 14. Nf3 c4 15. Be3 Rd3
16. Bf2 Bb7 17. Rfd1 Nxe4 18. Rxd3 cxd3 19. Qxd3 Nxf2 20. Kxf2 Qb6+ 21. Kf1 b4
22. Rd1 Rd8 23. Qc2 Ba8 24. Rxd8+ Qxd8 25. Qd2 f6 26. g4 Bb7 27. Qxd8+ Nxd8 28.
Nd2 Kf7 29. Ne4 Ke8 30. Kf2 Ba6 31. Ke3 Kd7 32. N2g3 Nb7 33. Bf1 Bxf1 34. Nxf1
Nc5 35. Nxc5+ Bxc5+ 36. Ke4 Kc6 37. c4 a4 38. b3 axb3 39. axb3 Bf2 40. Nd2 Be1
41. Nf3 Bf2 42. g5 Kd6 43. h4 Bg3 44. h5 h6 45. g6 Kc6 46. Ng1 Bf2 47. Nh3 Bb6
48. Ng5 hxg5 49. h6 g4 50. hxg7 g3 51. Kf3 1-0

[Event "FBL S"]
[Site "Deutschland"]
[Date "2010.03.14"]
[Round "7.6"]
[White "Voss, Janine"]
[Black "Brandl, Lea"]
[Result "0-1"]
[WhiteElo "1820"]
[BlackElo "1529"]
[PlyCount "102"]
[EventDate "2009.11.07"]
[EventType "team"]
[EventCountry "GER"]
[WhiteTeam "TSV Schott Mainz"]
[BlackTeam "SV 1920 Hofheim"]

1. e4 c5 2. Nf3 d6 3. d4 cxd4 4. Nxd4 Nf6 5. Nc3 a6 6. Rg1 e5 7. Nb3 Be7 8. g4
h6 9. h4 Be6 10. g5 hxg5 11. hxg5 Nfd7 12. Be3 Nc6 13. Qd2 Qc7 14. O-O-O b5 15.
g6 f6 16. Be2 Kf8 17. Nd5 Qb8 18. Bg4 Bxg4 19. Rxg4 Rh2 20. Nxe7 Kxe7 21. Qd5
Nd8 22. Qg8 Qc7 23. Qxg7+ Ke6 24. Qg8+ Ke7 25. Qd5 Rc8 26. Qd2 Ne6 27. Kb1 Ndc5
28. Nxc5 Nxc5 29. a3 a5 30. Qc3 Qd7 31. Rdg1 Nxe4 32. Qb3 Rxf2 33. Bxf2 Nd2+
34. Ka2 Nxb3 35. cxb3 Qe6 36. Bh4 a4 37. g7 Qxb3+ 38. Ka1 Rg8 39. Rg6 b4 40.
Rxf6 Kd7 41. axb4 a3 42. Rf2 axb2+ 43. Rxb2 Ra8+ 44. Kb1 Qd3+ 45. Rc2 Qa3 46.
Rcg2 Qa1+ 47. Kc2 Rc8+ 48. Kd3 Qd4+ 49. Ke2 Rc2+ 50. Kf1 Qd3+ 51. Ke1 Qe3+ 0-1

[Event "FBL S"]
[Site "Deutschland"]
[Date "2010.03.14"]
[Round "7.1"]
[White "Auburger, Kirstin"]
[Black "Lopatin, Olga"]
[Result "1/2-1/2"]
[WhiteElo "1885"]
[BlackElo "2136"]
[PlyCount "38"]
[EventDate "2009.11.07"]
[EventType "team"]
[EventCountry "GER"]
[WhiteTeam "TSG Mutterstadt"]
[BlackTeam "Schachges. Augsburg 1873"]

1. d4 b6 2. e4 Bb7 3. Bd3 e6 4. c4 Nc6 5. d5 Nb4 6. Nf3 exd5 7. exd5 Nxd3+ 8.
Qxd3 Bb4+ 9. Nc3 Qe7+ 10. Be3 Nf6 11. O-O O-O 12. Rfe1 Qd8 13. Bd4 Bc5 14. Bxc5
bxc5 15. Ne4 d6 16. Nfg5 Nxe4 17. Nxe4 Bc8 18. Qf3 Rb8 19. b3 Qh4 1/2-1/2

[Event "FBL S"]
[Site "Deutschland"]
[Date "2010.03.14"]
[Round "7.2"]
[White "Horvath, Maria"]
[Black "Mueller, Claudia"]
[Result "0-1"]
[WhiteElo "2001"]
[BlackElo "2019"]
[PlyCount "66"]
[EventDate "2009.11.07"]
[EventType "team"]
[EventCountry "GER"]
[WhiteTeam "Schachges. Augsburg 1873"]
[BlackTeam "TSG Mutterstadt"]

1. d4 d5 2. c4 c6 3. Nf3 Nf6 4. Nc3 g6 5. h3 Bg7 6. Bf4 dxc4 7. a4 Nd5 8. Bg3
Qa5 9. Qc1 Nxc3 10. bxc3 Be6 11. e3 Nd7 12. Nd2 Nb6 13. Bc7 Rc8 14. Bxb6 axb6
15. Nxc4 Bxc4 16. Bxc4 O-O 17. Bd3 e5 18. O-O exd4 19. exd4 c5 20. Qf4 Qxc3 21.
Rfd1 Bxd4 22. Rac1 Qa5 23. Bb5 Qa8 24. h4 Qb8 25. Qf3 Kg7 26. Re1 h5 27. Re4
Qd6 28. Bc4 Rc7 29. Rce1 Bf6 30. Rf4 Re7 31. Rd1 Qe5 32. g3 Qc3 33. Qd5 Rd8 0-1

[Event "FBL W"]
[Site "Deutschland"]
[Date "2009.11.07"]
[Round "1.1"]
[White "Kozlova, Olga"]
[Black "Wirths, Clara"]
[Result "1-0"]
[WhiteElo "2248"]
[BlackElo "2072"]
[PlyCount "79"]
[EventDate "2009.11.07"]
[EventType "team"]
[EventCountry "GER"]
[WhiteTeam "Delmenhorster SK V 1931"]
[BlackTeam "Schachverein Wattenscheid 1930"]

1. Nf3 Nf6 2. c4 d6 3. g3 e5 4. d3 Nc6 5. Bg2 g6 6. Nc3 Bg7 7. Bd2 O-O 8. Rb1
a5 9. O-O h6 10. a3 Be6 11. b4 axb4 12. axb4 Qd7 13. b5 Ne7 14. Qc1 Kh7 15. b6
c6 16. c5 Ned5 17. Ne4 Nxe4 18. dxe4 Nf6 19. cxd6 Nxe4 20. Nxe5 Bxe5 21. Bxe4
f5 22. Bg2 f4 23. Bc3 Bxc3 24. Qxc3 fxg3 25. hxg3 Qxd6 26. Rfd1 Qe7 27. Qe5 Qf6
28. Qxf6 Rxf6 29. Rd6 Kg7 30. e4 Bg4 31. e5 Rxd6 32. exd6 Kf7 33. Re1 Be6 34.
Be4 g5 35. f4 gxf4 36. gxf4 Rd8 37. Rd1 Kf6 38. Kf2 Bd5 39. Bxd5 Rxd6 40. Bf3
1-0

[Event "FBL W"]
[Site "Deutschland"]
[Date "2009.11.07"]
[Round "1.2"]
[White "Henrichs, Wenke"]
[Black "Janiesch, Maike"]
[Result "1-0"]
[WhiteElo "2034"]
[BlackElo "1708"]
[PlyCount "63"]
[EventDate "2009.11.07"]
[EventType "team"]
[EventCountry "GER"]
[WhiteTeam "Schachverein Wattenscheid 1930"]
[BlackTeam "Delmenhorster SK V 1931"]

1. d4 Nf6 2. c4 g6 3. Nc3 Bg7 4. e4 d6 5. f3 O-O 6. Be3 e5 7. d5 a5 8. Bd3 Na6
9. Nge2 Nc5 10. Bc2 Nh5 11. O-O f5 12. exf5 gxf5 13. f4 e4 14. Rb1 b6 15. Nd4
Nf6 16. h3 Qe8 17. Ncb5 Qf7 18. b3 Ba6 19. a3 Nb7 20. Nxf5 Bxb5 21. cxb5 Kh8
22. Nxg7 Kxg7 23. Bd4 Rae8 24. b4 Kh6 25. Bb3 Rg8 26. f5 e3 27. Qf3 Qe7 28.
Rbe1 e2 29. Rf2 Qf7 30. Rfxe2 Rxe2 31. Rxe2 Nd8 32. Qf4+ 1-0

[Event "FBL W"]
[Site "Deutschland"]
[Date "2009.11.07"]
[Round "1.3"]
[White "Kohls, Vera"]
[Black "Solberg, Kirsten"]
[Result "1/2-1/2"]
[WhiteElo "1895"]
[BlackElo "2033"]
[PlyCount "41"]
[EventDate "2009.11.07"]
[EventType "team"]
[EventCountry "GER"]
[WhiteTeam "Delmenhorster SK V 1931"]
[BlackTeam "Schachverein Wattenscheid 1930"]

1. Nf3 c5 2. b3 Nf6 3. Bb2 e6 4. e3 d5 5. Bb5+ Bd7 6. Bxd7+ Nbxd7 7. Ne5 Be7 8.
O-O O-O 9. d3 Qc7 10. f4 Rad8 11. Nd2 Ne8 12. Qg4 Ndf6 13. Qh3 d4 14. e4 b5 15.
Ng4 Nxg4 16. Qxg4 f5 17. Qh3 Rf6 18. e5 Rh6 19. Qf3 Qd7 20. a4 b4 21. Nc4
1/2-1/2

[Event "FBL W"]
[Site "Deutschland"]
[Date "2009.11.07"]
[Round "1.1"]
[White "Bluebaum, Johanna"]
[Black "Ivannikova, Svetlana"]
[Result "1-0"]
[WhiteElo "1963"]
[BlackElo "2159"]
[PlyCount "91"]
[EventDate "2009.11.07"]
[EventType "team"]
[EventCountry "GER"]
[WhiteTeam "SC Braunschweig Gliesmarode von"]
[BlackTeam "Dortmunder Schachverein 1875"]

1. d4 d5 2. c4 e6 3. Nc3 c6 4. e3 Nf6 5. Nf3 Bd6 6. Bd3 Nbd7 7. e4 dxe4 8. Nxe4
Nxe4 9. Bxe4 Bb4+ 10. Bd2 Bxd2+ 11. Qxd2 Nf6 12. Bc2 Qd6 13. O-O O-O 14. Rad1
b6 15. Rfe1 Bb7 16. Qg5 h6 17. Qe5 Rad8 18. Qxd6 Rxd6 19. c5 Rdd8 20. Ne5 b5
21. a4 a6 22. Re3 Nd5 23. Ra3 Nf4 24. Kf1 f6 25. Nf3 b4 26. Re3 Kf7 27. a5 Rd7
28. g3 Nd5 29. Rb3 Rb8 30. Nd2 Bc8 31. Nc4 Rd8 32. Be4 Ke7 33. Nb6 Nxb6 34.
axb6 Bb7 35. Rxb4 Rd7 36. Ra4 e5 37. Ke2 Rbd8 38. Ke3 Ke6 39. Bc2 exd4+ 40.
Raxd4 Rxd4 41. Rxd4 Rxd4 42. Kxd4 Ke7 43. b4 Ke6 44. g4 g5 45. Bf5+ Ke7 46. Kc4
1-0

[Event "FBL W"]
[Site "Deutschland"]
[Date "2009.11.07"]
[Round "1.2"]
[White "Mass, Elvira"]
[Black "Kramer, Helga"]
[Result "1-0"]
[WhiteElo "1981"]
[BlackElo "2099"]
[PlyCount "83"]
[EventDate "2009.11.07"]
[EventType "team"]
[EventCountry "GER"]
[WhiteTeam "Dortmunder Schachverein 1875"]
[BlackTeam "SC Braunschweig Gliesmarode von"]

1. d3 d5 2. g3 g6 3. Bg2 Bg7 4. Nf3 c5 5. O-O Nc6 6. Nbd2 Nf6 7. c3 O-O 8. Re1
b5 9. e4 Qb6 10. exd5 Nxd5 11. Ng5 e6 12. Nde4 h6 13. Nh3 Rd8 14. Nf4 Nce7 15.
a4 Bb7 16. axb5 Nxf4 17. Bxf4 Qxb5 18. Nd6 Rxd6 19. Bxd6 Bxg2 20. Kxg2 Nf5 21.
Be5 Qxb2 22. Bxg7 Kxg7 23. Qf3 Rd8 24. Rxa7 Qxc3 25. Rxe6 Qxd3 26. Qxd3 Rxd3
27. Rc6 h5 28. Rxc5 Rd2 29. Rcc7 Nh6 30. h3 Rb2 31. Rc4 Rd2 32. g4 hxg4 33.
hxg4 Rd5 34. Kg3 Rb5 35. f3 Rd5 36. Rcc7 g5 37. Ra6 Ng8 38. Rca7 Rd3 39. Ra5
Kg6 40. Rf5 Nh6 41. Ra6+ f6 42. Rfxf6+ 1-0

[Event "FBL W"]
[Site "Deutschland"]
[Date "2009.11.07"]
[Round "1.1"]
[White "Vovk, Oksana"]
[Black "Kopylova, Ljubov"]
[Result "1-0"]
[WhiteElo "2145"]
[BlackElo "2196"]
[PlyCount "65"]
[EventDate "2009.11.07"]
[EventType "team"]
[EventCountry "GER"]
[WhiteTeam "Schachverein Mülheim-Nord1931"]
[BlackTeam "SK Doppelbauer Kiel"]

1. d4 Nf6 2. c4 g6 3. g3 d5 4. cxd5 Qxd5 5. Nf3 Bf5 6. Bg2 Bxb1 7. Rxb1 Qxa2 8.
Qd3 c6 9. O-O Na6 10. Bd2 Rd8 11. Ra1 Qe6 12. Ng5 Qd7 13. Qc4 Nd5 14. e4 h6 15.
Nxf7 Kxf7 16. Ba5 b6 17. exd5 cxd5 18. Qxa6 bxa5 19. Rxa5 e6 20. Rb5 Be7 21.
Rb7 Qd6 22. Qxa7 Rb8 23. Rd7 Qb4 24. Rc1 Rhc8 25. Rb1 Rc2 26. Rxe7+ Qxe7 27.
Qxb8 g5 28. Qe5 Qb4 29. Bxd5 Rxf2 30. Bxe6+ Kg6 31. Kxf2 Qd2+ 32. Kg1 Kh5 33.
Bf7+ 1-0

[Event "FBL W"]
[Site "Deutschland"]
[Date "2009.11.07"]
[Round "1.2"]
[White "Rath, Alina"]
[Black "Vogel, Heike"]
[Result "0-1"]
[WhiteElo "1939"]
[BlackElo "2095"]
[PlyCount "54"]
[EventDate "2009.11.07"]
[EventType "team"]
[EventCountry "GER"]
[WhiteTeam "SK Doppelbauer Kiel"]
[BlackTeam "Schachverein Mülheim-Nord1931"]

1. c4 e5 2. Nc3 f5 3. g3 Nf6 4. Bg2 Nc6 5. d3 Bc5 6. e3 O-O 7. Nge2 f4 8. exf4
Ng4 9. Ne4 exf4 10. Nxf4 Bb4+ 11. Bd2 d6 12. O-O Bxd2 13. Qxd2 Nd4 14. Qd1 Ne5
15. f3 g5 16. Nd5 c6 17. Ndc3 Qb6 18. Na4 Ndxf3+ 19. Kh1 Qe3 20. d4 Bg4 21. h3
Bxh3 22. Nxd6 Bxg2+ 23. Kxg2 Nd2 24. Rxf8+ Rxf8 25. dxe5 Rf2+ 26. Kh3 Nf3 27.
c5 g4+ 0-1

[Event "FBL W"]
[Site "Deutschland"]
[Date "2009.11.07"]
[Round "1.3"]
[White "Roitburd, Marina"]
[Black "Hielscher, Ursula"]
[Result "1-0"]
[WhiteElo "2036"]
[BlackElo "1883"]
[PlyCount "39"]
[EventDate "2009.11.07"]
[EventType "team"]
[EventCountry "GER"]
[WhiteTeam "Schachverein Mülheim-Nord1931"]
[BlackTeam "SK Doppelbauer Kiel"]

1. e4 e6 2. d4 d5 3. Nc3 Bb4 4. Bd3 Nf6 5. exd5 Nxd5 6. Bd2 Nxc3 7. bxc3 Be7 8.
Nf3 O-O 9. Qe2 Nd7 10. O-O h6 11. Rab1 Rb8 12. Rfe1 Nf6 13. Ne5 Bd7 14. Qf3 c6
15. Bxh6 g6 16. Bxf8 Qxf8 17. Qg3 Bd6 18. Qh4 Qg7 19. Re3 Be7 20. Nxd7 1-0

[Event "FBL W"]
[Site "Deutschland"]
[Date "2009.11.07"]
[Round "1.4"]
[White "Franzenburg, Maria"]
[Black "Sokalska, Viktorija"]
[Result "0-1"]
[WhiteElo "1826"]
[BlackElo "2026"]
[PlyCount "130"]
[EventDate "2009.11.07"]
[EventType "team"]
[EventCountry "GER"]
[WhiteTeam "SK Doppelbauer Kiel"]
[BlackTeam "Schachverein Mülheim-Nord1931"]

1. e4 c6 2. d4 d5 3. exd5 cxd5 4. c3 Nc6 5. Nf3 Nf6 6. Bf4 Bg4 7. Be2 Bxf3 8.
Bxf3 e6 9. O-O Bd6 10. Bg3 O-O 11. Qb3 Na5 12. Qb5 a6 13. Qd3 b5 14. Nd2 Rc8
15. a4 b4 16. Bd1 Bxg3 17. fxg3 bxc3 18. bxc3 Qd6 19. Bc2 Ne4 20. Nxe4 dxe4 21.
Qxe4 g6 22. Rf3 Nc4 23. Qe2 a5 24. h4 Nb6 25. Qd2 Qd5 26. Rb1 Nc4 27. Qf4 e5
28. Qg5 Na3 29. Bb3 Qd6 30. Rbf1 Rc7 31. h5 Nc4 32. hxg6 Qxg6 33. Qh4 exd4 34.
Qxd4 Qb6 35. Qxb6 Nxb6 36. Rf6 Nc4 37. R1f4 Ne5 38. R6f5 Rxc3 39. Rxe5 Rxb3 40.
Rg5+ Kh8 41. Rh4 f5 42. Rgh5 Rf7 43. Rf4 Rb4 44. Rhh4 Rb3 45. Kh2 Rg7 46. Rf3
Rxf3 47. gxf3 Rc7 48. Kg2 Kg7 49. Kf2 Rc3 50. Rd4 Rc5 51. Ke3 Kf6 52. Kd3 h5
53. f4 Ke6 54. Rd8 Rd5+ 55. Rxd5 Kxd5 56. Ke3 Kc4 57. Kd2 Kb4 58. Kd3 Kxa4 59.
Kc4 Ka3 60. Kc3 a4 61. Kc2 Kb4 62. Kb2 Kc4 63. Ka3 Kd3 64. Kxa4 Ke3 65. Kb3 Kf3
0-1

[Event "FBL W"]
[Site "Deutschland"]
[Date "2009.11.07"]
[Round "1.5"]
[White "Reiter, Brigitte"]
[Black "Willrodt, Sonja"]
[Result "1/2-1/2"]
[WhiteElo "1810"]
[BlackElo "1876"]
[PlyCount "49"]
[EventDate "2009.11.07"]
[EventType "team"]
[EventCountry "GER"]
[WhiteTeam "Schachverein Mülheim-Nord1931"]
[BlackTeam "SK Doppelbauer Kiel"]

1. d4 d5 2. Nf3 Nf6 3. Bf4 e6 4. c3 c5 5. e3 Nc6 6. Nbd2 Bd6 7. Bg3 a6 8. Bd3
c4 9. Bc2 b5 10. e4 dxe4 11. Nxe4 Nxe4 12. Bxe4 Bb7 13. Qe2 Bxg3 14. hxg3 Qe7
15. a3 g6 16. Bxc6+ Bxc6 17. O-O-O O-O-O 18. Qe3 Bxf3 19. gxf3 a5 20. d5 Rd6
21. Qe4 Kb8 22. dxe6 Qxe6 23. Qf4 Rhd8 24. Rhe1 Qd7 25. Re4 1/2-1/2

[Event "FBL W"]
[Site "Deutschland"]
[Date "2009.11.07"]
[Round "1.1"]
[White "Freitag, Julia"]
[Black "Smirnova, Marina"]
[Result "1-0"]
[WhiteElo "2202"]
[BlackElo "2098"]
[PlyCount "89"]
[EventDate "2009.11.07"]
[EventType "team"]
[EventCountry "GER"]
[WhiteTeam "Schachclub Steinfurt 1996"]
[BlackTeam "SK Kaltenkirchen"]

1. d4 Nf6 2. e3 e6 3. f4 c5 4. Nf3 b6 5. c3 Bb7 6. Bd3 Qc7 7. O-O Be7 8. Qe2
Ne4 9. Nbd2 Nxd2 10. Bxd2 f5 11. e4 fxe4 12. Bxe4 Bxe4 13. Qxe4 Qc6 14. Qe2 O-O
15. Rad1 cxd4 16. Nxd4 Bc5 17. Be3 Qe4 18. b4 Be7 19. Qf3 Qxf3 20. Rxf3 Rc8 21.
Bf2 Bf6 22. Nb5 Rc6 23. Bd4 Bxd4+ 24. Rxd4 a6 25. Nd6 Ra7 26. f5 e5 27. Rd5
Rac7 28. Re3 Kf8 29. Rexe5 Rxd6 30. Rxd6 Rxc3 31. Rxb6 Nc6 32. Rd5 Ke7 33. Rd2
Rc1+ 34. Kf2 Rc4 35. a3 a5 36. b5 Nd4 37. Rb7 Kf6 38. b6 Nb3 39. Rdxd7 Nc5 40.
Rf7+ Ke5 41. Rbe7+ Kd4 42. b7 Rc2+ 43. Kf3 Rb2 44. Rxg7 h6 45. f6 1-0

[Event "FBL W"]
[Site "Deutschland"]
[Date "2009.11.07"]
[Round "1.2"]
[White "Freter, Anke"]
[Black "Stroessner, Lena"]
[Result "0-1"]
[WhiteElo "1951"]
[BlackElo "1971"]
[PlyCount "64"]
[EventDate "2009.11.07"]
[EventType "team"]
[EventCountry "GER"]
[WhiteTeam "SK Kaltenkirchen"]
[BlackTeam "Schachclub Steinfurt 1996"]

1. e4 e6 2. d4 d5 3. e5 c5 4. c3 Nc6 5. Nf3 Bd7 6. Be2 f6 7. exf6 Nxf6 8. O-O
cxd4 9. cxd4 Bd6 10. Nc3 O-O 11. Nb5 Bb8 12. g3 Qb6 13. b3 e5 14. dxe5 Nxe5 15.
Nbd4 Bh3 16. Re1 Ne4 17. Be3 Nc3 18. Qd2 Nxe2+ 19. Rxe2 Rxf3 20. Nf5 Qe6 21.
Nxg7 Kxg7 22. Bd4 Kf7 23. Bxe5 Bxe5 24. Rae1 Rf5 25. f4 Qb6+ 26. Kh1 Bd6 27.
Qd3 Qc6 28. Rc2 Qd7 29. Qf3 Re8 30. Rb1 Qe6 31. Qf2 Qe4+ 32. Kg1 Qe3 0-1

[Event "FBL W"]
[Site "Deutschland"]
[Date "2009.11.07"]
[Round "1.3"]
[White "Amirezashvili, Maia"]
[Black "Zoellner, Ev Gislain"]
[Result "1/2-1/2"]
[WhiteElo "1947"]
[BlackElo "1972"]
[PlyCount "62"]
[EventDate "2009.11.07"]
[EventType "team"]
[EventCountry "GER"]
[WhiteTeam "Schachclub Steinfurt 1996"]
[BlackTeam "SK Kaltenkirchen"]

1. e4 e5 2. Nf3 Nc6 3. Bb5 d6 4. O-O Bd7 5. c3 Nf6 6. Re1 Be7 7. d4 O-O 8. d5
Nb8 9. Bd3 Bg4 10. Nbd2 Nbd7 11. Nf1 Nc5 12. Bc2 a5 13. Ne3 Qd7 14. Nf5 b5 15.
Nxe7+ Qxe7 16. Bg5 h6 17. Bd2 Rfb8 18. Re3 Nh5 19. h3 Bd7 20. Nh2 Qh4 21. Rf3
Nxe4 22. Bxe4 Qxe4 23. Re3 Qxd5 24. Qxh5 Qxd2 25. Rd1 Qc2 26. Rg3 Qh7 27. Nf3
g6 28. Nxe5 Be6 29. Nc6 Kf8 30. Qf3 Re8 31. Nd4 Rab8 1/2-1/2

[Event "FBL W"]
[Site "Deutschland"]
[Date "2009.11.07"]
[Round "1.6"]
[White "Hammerich, Nadine"]
[Black "Golubkova, Alexandra"]
[Result "0-1"]
[WhiteElo "1714"]
[BlackElo "1831"]
[PlyCount "58"]
[EventDate "2009.11.07"]
[EventType "team"]
[EventCountry "GER"]
[WhiteTeam "SK Kaltenkirchen"]
[BlackTeam "Schachclub Steinfurt 1996"]

1. c4 Nf6 2. Nc3 d5 3. e3 c6 4. d4 e6 5. a3 Nbd7 6. Nf3 Qc7 7. Nd2 e5 8. cxd5
exd4 9. exd4 cxd5 10. Bd3 Nb6 11. O-O Be6 12. Re1 Be7 13. Bb5+ Nbd7 14. Nf3 O-O
15. Bd2 Bd6 16. Rc1 Qb6 17. Qe2 a6 18. Ba4 Bg4 19. Bxd7 Nxd7 20. Nxd5 Qxb2 21.
Rc3 Qa2 22. Rc4 b5 23. Rc3 Qxd5 24. Be3 Nf6 25. Rd1 Rac8 26. Rcc1 Ne4 27. h3
Bh5 28. g4 Bg6 29. Ra1 Nc3 0-1

[Event "FBL W"]
[Site "Deutschland"]
[Date "2009.11.08"]
[Round "2.1"]
[White "Ivannikova, Svetlana"]
[Black "Kozlova, Olga"]
[Result "1-0"]
[WhiteElo "2159"]
[BlackElo "2248"]
[PlyCount "69"]
[EventDate "2009.11.07"]
[EventType "team"]
[EventCountry "GER"]
[WhiteTeam "Dortmunder Schachverein 1875"]
[BlackTeam "Delmenhorster SK V 1931"]

1. d4 Nf6 2. Nf3 e6 3. Bf4 b6 4. e3 Bb7 5. Bd3 Be7 6. Nbd2 d5 7. h3 Nbd7 8. Ne5
Nxe5 9. Bxe5 O-O 10. O-O c5 11. c3 g6 12. Bxf6 Bxf6 13. f4 Bg7 14. g4 Qe7 15.
Nf3 f6 16. g5 f5 17. h4 Bc6 18. Kf2 b5 19. Rh1 Rab8 20. h5 b4 21. hxg6 hxg6 22.
Nh4 Be8 23. Rb1 Qc7 24. Qc2 c4 25. Be2 b3 26. axb3 Rxb3 27. Bd1 Qb7 28. Kg3 a5
29. Qd2 Rb6 30. Qh2 a4 31. Nf3 e5 32. Qh7+ Kf7 33. Nxe5+ Ke6 34. Nxg6 Rf7 35.
Qg8 1-0

[Event "FBL W"]
[Site "Deutschland"]
[Date "2009.11.08"]
[Round "2.2"]
[White "Janiesch, Maike"]
[Black "Mass, Elvira"]
[Result "1-0"]
[WhiteElo "1708"]
[BlackElo "1981"]
[PlyCount "81"]
[EventDate "2009.11.07"]
[EventType "team"]
[EventCountry "GER"]
[WhiteTeam "Delmenhorster SK V 1931"]
[BlackTeam "Dortmunder Schachverein 1875"]

1. d4 g6 2. c4 Bg7 3. Nc3 d6 4. e4 Nd7 5. f3 e5 6. d5 Ne7 7. Be3 f5 8. Qd2 Nf6
9. O-O-O fxe4 10. Nxe4 Nf5 11. Bg5 Nxe4 12. fxe4 Qxg5 13. Qxg5 Bh6 14. Qxh6
Nxh6 15. h3 O-O 16. Nf3 Rf4 17. Bd3 Bd7 18. Rdf1 Raf8 19. Kd1 Kg7 20. Ke2 Ng8
21. b3 h6 22. Ne1 g5 23. Rxf4 gxf4 24. Nf3 Nf6 25. b4 c6 26. Rc1 Rc8 27. Rc2
Kf7 28. Kf2 b5 29. dxc6 Rxc6 30. c5 Ra6 31. cxd6 Rxd6 32. Nxe5+ Ke6 33. Nxd7
Rxd7 34. Bxb5 Rd4 35. Kf3 Rxb4 36. Bc6 Ke5 37. Rc5+ Kd6 38. Rf5 Ke6 39. Kxf4
Rb2 40. a4 Rxg2 41. Rxf6+ 1-0

[Event "FBL W"]
[Site "Deutschland"]
[Date "2009.11.08"]
[Round "2.1"]
[White "Wirths, Clara"]
[Black "Bluebaum, Johanna"]
[Result "1/2-1/2"]
[WhiteElo "2072"]
[BlackElo "1963"]
[PlyCount "141"]
[EventDate "2009.11.07"]
[EventType "team"]
[EventCountry "GER"]
[WhiteTeam "Schachverein Wattenscheid 1930"]
[BlackTeam "SC Braunschweig Gliesmarode von"]

1. e4 e6 2. d4 d5 3. Nc3 Nf6 4. Bg5 Be7 5. e5 Nfd7 6. Bxe7 Qxe7 7. f4 O-O 8.
Nf3 c5 9. Qd2 Nc6 10. dxc5 Nxc5 11. O-O-O a6 12. Nd4 Bd7 13. Kb1 b5 14. Nxc6
Bxc6 15. Ne2 Ne4 16. Qe3 f6 17. Nd4 Bd7 18. exf6 Qxf6 19. g3 Rac8 20. Bg2 Nd6
21. Rhe1 Nc4 22. Qb3 Kh8 23. Nf3 Be8 24. Ne5 Nd6 25. Qa3 Qd8 26. Bh3 Bh5 27. g4
Be8 28. Rd4 Qc7 29. c3 a5 30. Qb3 Ne4 31. g5 Rxf4 32. Bxe6 Qxe5 33. Bxc8 Nd2+
34. Rxd2 Qxe1+ 35. Rd1 Qe4+ 36. Qc2 Qe7 37. Qd2 Qxg5 38. Qxd5 Bg6+ 39. Kc1 Rf5+
40. Qd2 Qxd2+ 41. Rxd2 Rf8 42. Bd7 b4 43. cxb4 axb4 44. a4 bxa3 45. bxa3 h6 46.
a4 Rf1+ 47. Rd1 Rf3 48. Rd2 Kg8 49. Kb2 Kf8 50. a5 Rd3 51. Rxd3 Bxd3 52. Kc3
Ba6 53. Kb4 Ke7 54. Bb5 Bc8 55. Kc5 g5 56. a6 Bxa6 57. Bxa6 Kf6 58. Kd4 Kg7 59.
Ke5 Kh8 60. h3 Kg7 61. Be2 Kh8 62. Bh5 Kg7 63. Kf5 Kh8 64. Kf6 Kh7 65. Kf7 Kh8
66. Kg6 Kg8 67. Bg4 Kh8 68. Be6 h5 69. Kh6 g4 70. Bxg4 h4 71. Bf5 1/2-1/2

[Event "FBL W"]
[Site "Deutschland"]
[Date "2009.11.08"]
[Round "2.2"]
[White "Kramer, Helga"]
[Black "Goihl, Mona"]
[Result "1/2-1/2"]
[WhiteElo "2099"]
[BlackElo "2101"]
[PlyCount "82"]
[EventDate "2009.11.07"]
[EventType "team"]
[EventCountry "GER"]
[WhiteTeam "SC Braunschweig Gliesmarode von"]
[BlackTeam "Schachverein Wattenscheid 1930"]

1. Nf3 d5 2. g3 Nf6 3. Bg2 g6 4. c4 Bg7 5. cxd5 Nxd5 6. Nc3 Nxc3 7. bxc3 O-O 8.
Qb3 c5 9. Ba3 Qc7 10. O-O Rd8 11. d4 cxd4 12. cxd4 Be6 13. Qa4 Nc6 14. e3 Bd5
15. Rfc1 Qd7 16. Qc2 Rac8 17. Qe2 Na5 18. Nd2 Bxg2 19. Kxg2 e5 20. Nf3 exd4 21.
Rxc8 Rxc8 22. exd4 Nc4 23. Bb4 a5 24. Bc5 b5 25. Re1 Bf6 26. Qe4 Rd8 27. Re2 a4
28. Nd2 Nd6 29. Qd5 Qb7 30. Qf3 Kg7 31. Ne4 Nxe4 32. Qxe4 Qd7 33. Re3 Rb8 34.
Rf3 Qe6 35. Qf4 Rb7 36. d5 Qe5 37. d6 Rd7 38. Qb4 Rb7 39. Rd3 Qe6 40. Qf4 Rd7
41. Qb4 Rb7 1/2-1/2

[Event "FBL W"]
[Site "Deutschland"]
[Date "2009.11.08"]
[Round "2.3"]
[White "Henrichs, Wenke"]
[Black "Opaska, Ines"]
[Result "1/2-1/2"]
[WhiteElo "2034"]
[BlackElo "1838"]
[PlyCount "110"]
[EventDate "2009.11.07"]
[EventType "team"]
[EventCountry "GER"]
[WhiteTeam "Schachverein Wattenscheid 1930"]
[BlackTeam "SC Braunschweig Gliesmarode von"]

1. d4 f5 2. c4 d6 3. Nf3 Nf6 4. g3 g6 5. Bg2 Bg7 6. O-O O-O 7. Nc3 Qe8 8. Re1
Nc6 9. Nb5 Qd8 10. d5 Ne5 11. b3 Nxf3+ 12. Bxf3 Nxd5 13. Bxd5+ e6 14. Nd4 exd5
15. cxd5 Qf6 16. Nc2 Qf7 17. Rb1 f4 18. Bxf4 Bc3 19. h4 Bxe1 20. Nxe1 Bf5 21.
Rb2 Be4 22. Rd2 Qe7 23. e3 a5 24. f3 Bf5 25. e4 Bd7 26. Bg5 Qe5 27. Kg2 Bb5 28.
Nc2 Rf7 29. Nd4 Bd7 30. Qc1 a4 31. b4 Raf8 32. Bh6 Re8 33. Qd1 Rc8 34. a3 Rf6
35. Bg5 Rf7 36. Rd3 Re8 37. Re3 Qg7 38. h5 h6 39. hxg6 Qxg6 40. Bh4 Re5 41. Qe1
Kh7 42. Kh2 Rg7 43. f4 Rh5 44. Qf2 c6 45. f5 Qf7 46. Ne6 Rg8 47. Nf4 Rxh4+ 48.
gxh4 cxd5 49. Nxd5 Bc6 50. Nf4 d5 51. exd5 Bxd5 52. Nxd5 Qxd5 53. Re7+ Rg7 54.
Rxg7+ Kxg7 55. Qg3+ Kf8 1/2-1/2

[Event "FBL W"]
[Site "Deutschland"]
[Date "2009.11.08"]
[Round "2.4"]
[White "Guennigmann, Laura"]
[Black "Huppertz, Andrea"]
[Result "1-0"]
[WhiteElo "1881"]
[BlackElo "1865"]
[PlyCount "97"]
[EventDate "2009.11.07"]
[EventType "team"]
[EventCountry "GER"]
[WhiteTeam "SC Braunschweig Gliesmarode von"]
[BlackTeam "Schachverein Wattenscheid 1930"]

1. e4 c5 2. Nf3 Nc6 3. d4 cxd4 4. Nxd4 g6 5. Nc3 Bg7 6. Be3 Nf6 7. Bc4 Qa5 8.
O-O d6 9. Bb3 O-O 10. Nd5 Nxd5 11. Bxd5 Ne5 12. h3 e6 13. Bb3 d5 14. f4 Nc4 15.
Bxc4 dxc4 16. f5 exf5 17. exf5 Qe5 18. Qf3 Bxf5 19. Nxf5 gxf5 20. c3 Rfe8 21.
Bd4 Qd6 22. Rad1 Qg6 23. Bxg7 Kxg7 24. Rd5 Re7 25. Rxf5 Rae8 26. Rf6 Qg5 27.
Rxf7+ Kh6 28. Rf6+ Kg7 29. Rf4 Qc5+ 30. Kh1 Re6 31. Rf7+ Kg8 32. Qxb7 R6e7 33.
Qf3 Re6 34. Qf4 Rg6 35. Rxh7 Kxh7 36. Qf7+ Rg7 37. Qxe8 Qg5 38. Qe4+ Kg8 39.
Qxc4+ Kh8 40. Rf8+ Kh7 41. Qe4+ Rg6 42. Qa8 Qc1+ 43. Kh2 Kh6 44. Rh8+ Kg5 45.
Qd5+ Kf6 46. Rf8+ Kg7 47. Qf7+ Kh6 48. Rh8+ Kg5 49. h4+ 1-0